LEADER 00993nam a2200265 i 4500 001 000000145721 003 CaOOAMICUS 005 20051206000000.0 008 051206s1958 it u000 u ita u 013 $a121113 040 $aSeMil$bita 100 1 $aBrandi, Cesare <1906-1988>.$0(OLS)http://semarc/name/18473 245 10$aCittą del deserto /$cCesare Brandi. 260 $a[Milano] :$bArnoldo Mondadori Editore,$c1958. 300 $a218 p., con 24 illustrazioni fuori testo ;$c21 cm. 490 0 $aLe scie 500 $aFondo Ciprandi. 650 4$aDeserto - Cittą.$0(OLS)http://semarc/subject/28514 830 3$aLe scie.$0(OLS)http://semarc/title/6825 850 $aSeMil 852 $aSeMil$W1$xVenegono$y1$m4Y III 36$j98452$B98452$CSeMilBibl$Z2$F106648 $81 941 1 $a1 961 $aOmaggio: Ciprandi dott. Paolo 996 $6245$aCittą del deserto$9(OLS)http://semarc/title/213054 996 $6260$a[Milano] :$bArnoldo Mondadori Editore$9(OLS)http://semarc/publisher/29634 LEADER 00768nab a2200169 i 4500 001 000000267624 003 CaOOAMICUS 005 20071108000000.0 008 071108n xx uu u0 0und r 013 $a12276 040 $aSeMil$bita 245 10$a[SENZA TITOLO]. - 64 p. - Numero dedicato alla memoria di don Carlo Calori. - Contiene :$bBibliografia di Mons. Carlo Calori. 500 $aOTTOBRE-DICEMBRE 2006. 700 1 $aCalori, Carlo .$0(OLS)http://semarc/name/36466 773 0 $t[2006].$dMilano : ISMECC, 2006.$w()148163 774 0 $tBibliografia di Mons. Carlo Calori.$w()305664 996 $6245$a[SENZA TITOLO]. - 64 p. - Numero dedicato alla memoria di don Carlo Calori. - Contiene :$bBibliografia di Mons. Carlo Calori.$9(OLS)http://semarc/title/358399